000 00446nam a22001577a 4500
005 20170103115522.0
008 170103b xxu||||| |||| 00| 0 eng d
020 _a9781608320059
040 _cPK-LaUMT
082 _a294.3092
_bSCH-N
100 _aSchettini , Stephen
245 _aThe novice
_bwhy i became a buddhist monk, why quit & what i learned
_cStephen schettini
260 _aAustin
_bGreenleaf
_c2009
300 _a345 p.
942 _cBK
999 _c89727
_d89727